000 00337nam a2200133Ia 4500
008 240624s9999 xx 000 0 und d
041 _aeng
082 _a150 SIN
100 _aSINGH JUST WIN
245 _aHAPPINESS ALWAYS AND IN ALL WAYS
260 _c2017
_aNew Delhi
_bViva Books
300 _aviii, 144 p.; 23 cm.
365 _cRS
_b35
999 _c31680
_d31680